000 00347nam a2200133Ia 4500
008 130318s9999 xx 000 0 und d
082 _a658.4038011 JAN/D
100 _aJanakiraman, V.S
245 _aDecision support systems
260 _bPHI Learning
_aHaryana
_c1999
300 _a221
650 _aDECISION SUPPORT SYSTEMS
700 _aSarukesi, K
999 _c2197
_d2197